000 01092nam a22002657a 4500
001 7182
003 FISKH
005 20250701144343.0
008 250701b cb ||||| |||| 00| 0 eng d
020 _a9780545167314
040 _aFISKH
_beng
_cFISKH
_dFISKH
050 _aPZ7
082 _a598.07
100 _aNelson, May
245 _aJump and croak:
_bFrogs /
_cby May Nelson
260 _aNew York :
_bWeldon Owen,
_c2009.
300 _a28 pages :
_bcolor illustrations ;
_c22 cm
505 _aG
520 _aA nonfiction early reader exploring the life cycle of frogs. Readers discover how frogs begin life as eggs, develop into tadpoles (learning to breathe underwater), metamorphose into adult frogs with lungs and strong legs, and ultimately leap and swim with ease. Engaging photos, captions, and simple explanations reinforce scientific concepts for early elementary students 
521 8 _a330
_bLexile IG
521 8 _aRaz-Plus
650 _aFrog life cycle
_vNonfiction science
_xAmphibian biology
_yTadpoles
942 _2ddc
_cBK
_n0
999 _c7182
_d7182